| 000 | 00000nam 2200000zi 4500 |
| 001 | 9.947365 |
| 003 | CaOODSP |
| 005 | 20250127072415 |
| 006 | m o d f |
| 007 | cr mn||||||||| |
| 008 | 250124s1951 onc ob f000 0 fre d |
| 040 | |aCaOODSP|bfre|erda|cCaOODSP |
| 041 | 0 |afre|aeng |
| 043 | |an-cn--- |
| 086 | 1 |aZ1-1949/2F-PDF |
| 245 | 04|aLes arts, lettres et sciences au Canada, 1949-1951 : |brecueil d'études spéciales préparées pour la Commission royale d'enquête sur l'avancement des arts, lettres et sciences au Canada. |
| 246 | 10|aArts, lettres et sciences au Canada, 1949-1951 |
| 246 | 14|aArts, les lettres et les sciences au Canada : |brecueil de quelques études spéciales, Commission royale d'enquête sur l'avancement des arts, lettres et des sciences au Canada |
| 264 | 1|aOttawa : |bEdmond Cloutier, C.M.G., O.A., D.S.P., imprimeur de Sa Majesté le Roi, |c1951. |
| 300 | |a1 ressource en ligne (viii pages, 1 page non numérotée, 430 pages) |
| 336 | |atexte|btxt|2rdacontent/fre |
| 337 | |ainformatique|bc|2rdamedia/fre |
| 338 | |aressource en ligne|bcr|2rdacarrier/fre |
| 500 | |aPublié aussi en anglais sous le titre : Royal Commission studies: a selection of essays prepared for the Royal Commission on National Development in the Arts, Letters and Sciences. |
| 500 | |aLa numérotation des pages commence à la page v. |
| 500 | |a« Vincent Massey, président, ... » -- Préface, page viii. |
| 500 | |aÉdition numérisée de l'imprimée [par Direction des publications du gouvernement du Canada]. |
| 504 | |aComprend des références bibliographiques. |
| 546 | |aTitres et préface en français; études en anglais et en français. |
| 651 | 6|aCanada|xCivilisation. |
| 651 | 6|aCanada|xVie intellectuelle. |
| 710 | 1 |aCanada. |bCommission royale d'enquête sur l'avancement des arts, des lettres et des sciences, |eorganisme de publication. |
| 775 | 08|tRoyal Commission studies : |w(CaOODSP)9.946289 |
| 856 | 40|qPDF|s25.60 Mo|uhttps://publications.gc.ca/collections/collection_2025/bcp-pco/Z1-1949-2-fra.pdf |